Поршневые кольца (Запись № 11458168)

Подробности
000 -МАРКЕР
контрольное поле 02488nam0a2200385 i 4500
001 - ИДЕНТИФИКАТОР ЗАПИСИ
контрольное поле RU\NLR\BIBL_A\011107936
005 - ИДЕНТИФИКАТОР ВЕРСИИ
контрольное поле 20260405120402.0
021 ## - НОМЕР ГОСУДАРСТВЕННОЙ РЕГИСТРАЦИИ
Код страны Российская Федерация
Номер 2016-25953
Номер Листа государственной регистраци 1655
021 ## - НОМЕР ГОСУДАРСТВЕННОЙ РЕГИСТРАЦИИ
Код страны Российская Федерация
Номер 2016-25953
Номер Листа государственной регистраци 2569
035 ## - ДРУГИЕ СИСТЕМНЫЕ НОМЕРА
Идентификатор записи (NILC)RuMoRGB-008266292
035 ## - ДРУГИЕ СИСТЕМНЫЕ НОМЕРА
Идентификатор записи (NLR Aleph) 011107936
100 ## - ДАННЫЕ ОБЩЕЙ ОБРАБОТКИ
Данные общей обработки 20160426d2014 um y0rusy50 ca
101 0# - ЯЗЫК РЕСУРСА
Язык текста, звукозаписи и т.д. русский
102 ## - СТРАНА ПУБЛИКАЦИИ ИЛИ ПРОИЗВОДСТВА
Страна публикации Российская Федерация
105 ## - ПОЛЕ КОДИРОВАННЫХ ДАННЫХ: ТЕКСТОВЫЕ МАТЕРИАЛЫ, МОНОГРАФИЧЕСКИЕ
Кодированные данные о монографическом текстовом документе ac||j|||000yy
200 1# - ЗАГЛАВИЕ И СВЕДЕНИЯ ОБ ОТВЕТСТВЕННОСТИ
Основное заглавие Поршневые кольца
Сведения, относящиеся к заглавию назначение, конструктивное исполнение, комплектация, технология изготовления
-- учебное пособие
Первые сведения об ответственности Ю. И. Матвеев, О. Е. Андрусенко, С. Е. Андрусенко
Последующие сведения об ответственности Федеральное агентство морского и речного транспорта, Федеральное гос. бюджетное образовательное учреждение высш. проф. образования "Волжская гос. акад. водного транспорта", Каф. эксплуатации судовых энергетических установок
210 ## - ПУБЛИКАЦИЯ, РАСПРОСТРАНЕНИЕ И ДР.
Место издания, распространения и т.д. Нижний Новгород
Имя издателя, распространителя и т. д. Изд-во ФГБОУ ВПО "ВГАВТ"
Дата издания, распространения и т.д. 2014
215 ## - ФИЗИЧЕСКАЯ ХАРАКТЕРИСТИКА
Специфическое обозначение материала и объем 67, [1] с.
Другие сведения о физической характеристике ил., портр.
Размеры 20
300 ## - ОБЩИЕ ПРИМЕЧАНИЯ
Текст примечания На 4-й с. обл. авт.: Матвеев Ю.И., д.т.н., проф., Андрусенко О.Е., к.т.н., Андрусенко С.Е., к.т.н., преп.
313 ## - ПРИМЕЧАНИЯ, ОТНОСЯЩИЕСЯ К ТЕМАТИЧЕСКОМУ ДОСТУПУ
Текст примечания Без специфики
320 ## - ПРИМЕЧАНИЯ О НАЛИЧИИ В ДОКУМЕНТЕ БИБЛИОГРАФИИ / УКАЗАТЕЛЯ
Текст примечания Библиогр.: с. 67 (12 назв.)
517 1# - ДРУГИЕ ВАРИАНТЫ ЗАГЛАВИЯ
Вариант заглавия Назначение, конструктивное исполнение, комплектация, технология изготовления
606 ## - НАИМЕНОВАНИЕ ТЕМЫ КАК ПРЕДМЕТ
Наименование темы Двигатели внутреннего сгорания
Формальный подзаголовок Учебные издания для высших учебных заведений
Тематический подзаголовок Поршневые кольца
Системный номер авторитетной/нормативной записи 947714
Идентификатор авторитетной/нормативной записи RU\NLR\AUTH\66351705
675 ## - УНИВЕРСАЛЬНАЯ ДЕСЯТИЧНАЯ КЛАССИФИКАЦИЯ (UDC/УДК)
Индекс 621.4
686 1# - ИНДЕКСЫ ДРУГИХ КЛАССИФИКАЦИЙ
Индекс З365-042.1я73-1
700 #1 - ИМЯ ЛИЦА - ПЕРВИЧНАЯ ОТВЕТСТВЕННОСТЬ
Графика поля Кириллица
Материалы, к которым относится поле rus
Начальный элемент ввода Матвеев
Часть имени, кроме начального элемента ввода Ю. И.
Дополнения к именам, кроме дат д-р техн. наук
Расширение инициалов личного имени Юрий Иванович
Системный номер авторитетной/нормативной записи 29526
Идентификатор авторитетной/нормативной записи RU\NLR\AUTH\7746591
701 #1 - ИМЯ ЛИЦА - АЛЬТЕРНАТИВНАЯ ОТВЕТСТВЕННОСТЬ
Начальный элемент ввода Андрусенко
Часть имени, кроме начального элемента ввода О. Е.
Расширение инициалов личного имени Олег Евгеньевич
701 #1 - ИМЯ ЛИЦА - АЛЬТЕРНАТИВНАЯ ОТВЕТСТВЕННОСТЬ
Начальный элемент ввода Андрусенко
Часть имени, кроме начального элемента ввода С. Е.
Расширение инициалов личного имени Сергей Евгеньевич
801 #0 - ИСТОЧНИК ЗАПИСИ
Страна Российская Федерация
Организация РГБ
Дата составления 20160404
Правила каталогизации RCR
801 #2 - ИСТОЧНИК ЗАПИСИ
Страна Российская Федерация
Организация РГБ
Дата составления 20160411
Правила каталогизации rcr
942 ## - ДОПОЛНИТЕЛЬНЫЕ ЭЛЕМЕНТЫ ЗАПИСИ (АБИС)
Тип экземпляра АБИС Книга
980 ## - КОЛЛЕКЦИЯ
Название коллекции НБР

Нет доступных экземпляров.